| 000 | 00707nam a2200193Ia 4500 | ||
|---|---|---|---|
| 008 | 151121s9999||||xx |||||||||||||| ||und|| | ||
| 082 | _aबा। वि। | ||
| 082 | _bHNW-73074 | ||
| 100 | _aटोळ द। श्री। | ||
| 245 | _aडॉ। बाबासाहेब आंबेडकर | ||
| 260 | _b"विदर्भ मराठवाडा बुक कं।, पुणे।" | ||
| 260 | _c-- | ||
| 300 | _a36 | ||
| 600 | _aटोळ द। श्री। | ||
| 630 | _aडॉ। बाबासाहेब आंबेडकर | ||
| 700 | _aटोळ द। श्री। | ||
| 730 | _aडॉ। बाबासाहेब आंबेडकर | ||
| 942 | _cBOOK | ||
| 999 |
_c1254532 _d1254529 |
||